Principaux partis politiques français - Statistiques

Statistiques générales
  • Ce quiz a été pris 1 188 fois
  • Le résultat moyen est 12 sur 25
Statistiques - réponses
Hint Réponse % Correct
6 Rassemblement national
97%
8 Les Républicains
95%
15 Parti socialiste
92%
20 La France insoumise
88%
19 Parti animaliste
84%
9 La République en marche
77%
16 Europe Écologie Les Verts
75%
21 Parti communiste français
73%
23 Lutte ouvrière
72%
22 Nouveau Parti anticapitaliste
66%
10 Mouvement démocrate
61%
1 Action française
45%
12 Horizons
45%
5 Debout la France
44%
25 Indigènes de la République
42%
14 Union des démocrates et indépendants
39%
2 Les Patriotes
25%
18 Parti radical de gauche
21%
3 Union populaire républicaine
20%
13 Parti radical
18%
24 Fédération anarchiste
17%
11 Agir
15%
17 Place publique
14%
4 VIA, la voie du peuple
8%
7 Le Mouvement de la ruralité
2%
Aucun quiz correspondant
Distribution des résultats
% des personnes avec chaque résultat
Percentile par nombre de réponses
Votre historique - résultats
Vous n’avez pas pris ce quiz